Účtovanie a vykazovanie záväzkov s neistým časovým vymedzením alebo výškou bakalárska práca

Gespeichert in:
Bibliographische Detailangaben
1. Verfasser: Obedová, Veronika
Körperschaft: Fakulta hospodárskej informatiky EU. Katedra účtovníctva a audítorstva
Weitere Verfasser: Ondrušová, Lucia, 1981-
Format: Buch
Sprache:Slowakisch
Veröffentlicht: Bratislava 2024
Tags: Tag hinzufügen
Keine Tags, Fügen Sie das erste Tag hinzu!

MARC

LEADER 00000nbm a2200000 4500
001 0302665
005 20250131110853.8
041 0 |a slo 
044 |a SK 
245 1 0 |a Účtovanie a vykazovanie záväzkov s neistým časovým vymedzením alebo výškou  |b bakalárska práca  |c Veronika Obedová ; školiteľ: Lucia Ondrušová 
264 1 |a Bratislava  |c 2024 
300 |a 43 s. 
100 1 |a Obedová, Veronika 
700 1 |a Ondrušová, Lucia, 1981- 
710 2 |a Fakulta hospodárskej informatiky EU. Katedra účtovníctva a audítorstva